2025 MLB Award Predictions - Statistics

General Stats
  • This quiz has been taken 217 times
  • The average score is 13 of 31
Answer Stats
Category Player % Correct
AL MVP Aaron Judge
98%
NL MVP Shohei Ohtani
95%
AL Cy Young Tarik Skubal
88%
NL Cy Young Paul Skenes
81%
NL MVP Juan Soto
75%
AL MVP Bobby Witt Jr.
71%
NL Cy Young Chris Sale
65%
AL MVP Gunnar Henderson
64%
NL MVP Mookie Betts
62%
AL Cy Young Garret Crochet
56%
NL Cy Young Zack Wheeler
52%
NL MVP Fernando Tatís Jr.
51%
NL Cy Young Blake Snell
48%
NL Cy Young Corbin Burnes
39%
NL MVP Elly De La Cruz
39%
AL Cy Young Cole Ragans
37%
AL MVP Yordan Alvarez
37%
AL MVP Corey Seager
34%
AL Cy Young Jacob deGrom
34%
AL Cy Young Framber Valdez
31%
AL Cy Young Logan Gilbert
31%
NL ROY Dylan Crews
24%
AL ROY Jacob Wilson
18%
AL ROY Jasson Domínguez
18%
AL ROY Jackson Jobe
13%
NL ROY Hyeseong Kim
6%
AL ROY Coby Mayo
5%
AL ROY Kumar Rocker
5%
NL ROY Rhett Lowder
3%
NL ROY Jordan Lawlar
2%
NL ROY Thomas Saggese
1%
No matching quizzes found
Score Distribution
Percent of People with Each Score
Percentile by Number Answered
Your Score History
You have not taken this quiz